000 00932pam a2200301 a 4500
001 12792756
005 20180125071729.0
008 020516s2002 onca b 000 0 eng
010 _a 2004353890
016 _a20019040334
020 _a0176169644 (pbk.)
035 _a(OCoLC)ocm48532516
040 _aNLC
_beng
_cNLC
_dORU
_dDLC
041 _aeng
042 _alccopycat
043 _an-cn---
080 _a971.0648 CHAR
082 0 4 _a971.0648 CHAR
_221
100 _a19
101 _aPOL
245 0 0 _aCrosscurrents :
_cedited by Mark Charlton and Paul Barker.
246 3 0 _aContemporary political issues
504 _aIncludes bibliographical references.
906 _a7
_bcbc
_ccopycat
_d2
_encip
_f20
_gy-gencatlg
942 _2ddc
_cBK
999 _c40935
_d40935